Гермес Трисмегист. Изумрудная скрижаль и герметический свод (Запись № 13660628)

Подробности
000 -МАРКЕР
контрольное поле 02100nam0a2200421 4500
001 - ИДЕНТИФИКАТОР ЗАПИСИ
контрольное поле RU\NLR\BIBL_A\022277716
005 - ИДЕНТИФИКАТОР ВЕРСИИ
контрольное поле 20260420012142.0
010 ## - МЕЖДУНАРОДНЫЙ СТАНДАРТНЫЙ НОМЕР КНИГИ (ISBN)
Номер (ISBN) 978-5-00228-191-6
021 ## - НОМЕР ГОСУДАРСТВЕННОЙ РЕГИСТРАЦИИ
Код страны Российская Федерация
Номер КН-П-24-031954
Номер Листа государственной регистраци КН-П-24-3234
035 ## - ДРУГИЕ СИСТЕМНЫЕ НОМЕРА
Идентификатор записи (NLR Aleph) 022277716
100 ## - ДАННЫЕ ОБЩЕЙ ОБРАБОТКИ
Данные общей обработки 20240715d2024 u y0rusy50 ca
101 1# - ЯЗЫК РЕСУРСА
Язык текста, звукозаписи и т.д. русский
Язык оригинала не определено
102 ## - СТРАНА ПУБЛИКАЦИИ ИЛИ ПРОИЗВОДСТВА
Страна публикации Российская Федерация
-- Нидерланды
105 ## - ПОЛЕ КОДИРОВАННЫХ ДАННЫХ: ТЕКСТОВЫЕ МАТЕРИАЛЫ, МОНОГРАФИЧЕСКИЕ
Кодированные данные о монографическом текстовом документе f w 000yy
181 #0 - ПОЛЕ КОДИРОВАННЫХ ДАННЫХ: ВИД СОДЕРЖАНИЯ
Код вида содержания (ISBD) i3
Код характеристики содержания (ISBD) axxe
182 #0 - ПОЛЕ КОДИРОВАННЫХ ДАННЫХ: ТИП СРЕДСТВА
Код типа средства (ISBD) n - непосредственное
200 1# - ЗАГЛАВИЕ И СВЕДЕНИЯ ОБ ОТВЕТСТВЕННОСТИ
Основное заглавие Гермес Трисмегист. Изумрудная скрижаль и герметический свод
Сведения, относящиеся к заглавию египетский первоначальный гнозис и его зов в вечном настоящем, провозглашенный и заново объясненный
-- [перевод]
Первые сведения об ответственности Ян ван Рэйкенборг
Последующие сведения об ответственности Международная Школа Золотого Розенкрейца, lectorium Rosicrucianum
203 ## - ВИД СОДЕРЖАНИЯ И ТИП СРЕДСТВА
Вид содержания Текст
Дополнительные сведения об издании визуальный
Тип средства непосредственный
205 ## - СВЕДЕНИЯ ОБ ИЗДАНИИ
Сведения об издании 2-е изд.
210 ## - ПУБЛИКАЦИЯ, РАСПРОСТРАНЕНИЕ И ДР.
Место издания, распространения и т.д. Москва
Имя издателя, распространителя и т. д. Амрита-Русь
-- Книга
Место издания, распространения и т.д. Haarlem, Nederland
Имя издателя, распространителя и т. д. Rozekruis Pers
Дата издания, распространения и т.д. 2024
215 ## - ФИЗИЧЕСКАЯ ХАРАКТЕРИСТИКА
Специфическое обозначение материала и объем 476 с., [1] л. цв. ил.
Размеры 20
225 1# - СЕРИЯ
Основное заглавие серии Египетский первоначальный гнозис
300 ## - ОБЩИЕ ПРИМЕЧАНИЯ
Текст примечания На корешке загл.: Гермес Трисмегист
333 ## - ПРИМЕЧАНИЯ ОБ ОСОБЕННОСТЯХ РАСПРОСТРАНЕНИЯ И ИСПОЛЬЗОВАНИЯ
Текст примечания Для лиц старше 16 лет
606 1# - НАИМЕНОВАНИЕ ТЕМЫ КАК ПРЕДМЕТ
Наименование темы Герметизм
Системный номер авторитетной/нормативной записи 2558696
Идентификатор авторитетной/нормативной записи RU\NLR\AUTH\661513669
606 1# - НАИМЕНОВАНИЕ ТЕМЫ КАК ПРЕДМЕТ
Наименование темы Розенкрейцеры
Системный номер авторитетной/нормативной записи 1588483
Идентификатор авторитетной/нормативной записи RU\NLR\AUTH\66697881
606 1# - НАИМЕНОВАНИЕ ТЕМЫ КАК ПРЕДМЕТ
Наименование темы Гностицизм
Тематический подзаголовок История
-- Оригинальные теории
Системный номер авторитетной/нормативной записи 2463744
Идентификатор авторитетной/нормативной записи RU\NLR\AUTH\661463755
686 1# - ИНДЕКСЫ ДРУГИХ КЛАССИФИКАЦИЙ
Индекс Э391,0
686 1# - ИНДЕКСЫ ДРУГИХ КЛАССИФИКАЦИЙ
Индекс Э391.3-36
686 2# - ИНДЕКСЫ ДРУГИХ КЛАССИФИКАЦИЙ
Индекс Э371.2я9
700 #1 - ИМЯ ЛИЦА - ПЕРВИЧНАЯ ОТВЕТСТВЕННОСТЬ
Графика поля Кириллица
Материалы, к которым относится поле rus
Начальный элемент ввода Рейкенборг
Часть имени, кроме начального элемента ввода Я.
Даты 1896-1968
Расширение инициалов личного имени Ян ван
Системный номер авторитетной/нормативной записи 119183
Идентификатор авторитетной/нормативной записи RU\NLR\AUTH\779350
702 #1 - ИМЯ ЛИЦА - ВТОРИЧНАЯ ОТВЕТСТВЕННОСТЬ
Код отношения Объект посвящения
Графика поля Кириллица
Материалы, к которым относится поле rus
Начальный элемент ввода Гермес Трисмегист
Системный номер авторитетной/нормативной записи 119894
Идентификатор авторитетной/нормативной записи RU\NLR\AUTH\7710110
942 ## - ДОПОЛНИТЕЛЬНЫЕ ЭЛЕМЕНТЫ ЗАПИСИ (АБИС)
Тип экземпляра АБИС Книга
980 ## - КОЛЛЕКЦИЯ
Название коллекции Национальная библиография

Нет доступных экземпляров.